<?xml version="1.0" encoding="UTF-8"?><?xml-stylesheet type="text/xsl" href="static/style.xsl"?><OAI-PMH xmlns="http://www.openarchives.org/OAI/2.0/" xmlns:xsi="http://www.w3.org/2001/XMLSchema-instance" xsi:schemaLocation="http://www.openarchives.org/OAI/2.0/ http://www.openarchives.org/OAI/2.0/OAI-PMH.xsd"><responseDate>2026-06-01T21:16:20Z</responseDate><request verb="GetRecord" identifier="oai:riuma.uma.es:10630/9496" metadataPrefix="marc">https://riuma.uma.es/rest/oai/request</request><GetRecord><record><header><identifier>oai:riuma.uma.es:10630/9496</identifier><datestamp>2026-02-03T12:52:16Z</datestamp><setSpec>com_10630_5701</setSpec><setSpec>com_10630_3139</setSpec><setSpec>com_10630_10</setSpec><setSpec>col_10630_9187</setSpec></header><metadata><record xmlns="http://www.loc.gov/MARC21/slim" xmlns:dcterms="http://purl.org/dc/terms/" xmlns:doc="http://www.lyncode.com/xoai" xmlns:xsi="http://www.w3.org/2001/XMLSchema-instance" xsi:schemaLocation="http://www.loc.gov/MARC21/slim http://www.loc.gov/standards/marcxml/schema/MARC21slim.xsd">
   <leader>00925njm 22002777a 4500</leader>
   <datafield ind2=" " ind1=" " tag="042">
      <subfield code="a">dc</subfield>
   </datafield>
   <datafield ind2=" " ind1=" " tag="720">
      <subfield code="a">García-González, José Antonio</subfield>
      <subfield code="e">author</subfield>
   </datafield>
   <datafield ind2=" " ind1=" " tag="260">
      <subfield code="c">2001</subfield>
   </datafield>
   <datafield ind2=" " ind1=" " tag="520">
      <subfield code="a">La publicación y finalización de la obra de Heródoto, tal y como se ha conservado, se produce durante los primeros años de la guerra del Peloponeso. En esta época se desarrollan una serie de procesos de asébeia cuyo móvil último parece ser político, y en los que se ven implicados un grupo de personalidades del pensamiento y de la cultura, ligados de alguna manera a Pericles y al círculo intelectual que se había forjado en torno a él. La sospechosa actitud de Heródoto, que silencia o muestra una excesiva prudencia al hablar de temas religiosos y nombrar a los pensadores jonios relacionados con este círculo intelectual ateniense, al que él mismo pertenece, permite plantear el interrogante de si existe alguna relación entre esta postura herodotea y los procesos de asébeia, que justifiquen, en cierta manera, esa autocensura de nuestro autor.</subfield>
   </datafield>
   <datafield ind1="8" ind2=" " tag="024">
      <subfield code="a">Baetica 23, 2001, p. 9-23.</subfield>
   </datafield>
   <datafield ind1="8" ind2=" " tag="024">
      <subfield code="a">0212-5099</subfield>
   </datafield>
   <datafield ind1="8" ind2=" " tag="024">
      <subfield code="a">http://hdl.handle.net/10630/9496</subfield>
   </datafield>
   <datafield tag="653" ind2=" " ind1=" ">
      <subfield code="a">Heródoto</subfield>
   </datafield>
   <datafield ind2="0" ind1="0" tag="245">
      <subfield code="a">El silencio Heredoteo y los procesos de Asébeia en época de Pericles</subfield>
   </datafield>
</record>
</metadata></record></GetRecord></OAI-PMH>